000 00763nam a2200241Ia 4500
003 GCL
008 140319s9999 xx 000 0 ara d
040 _aGCL /
_cGCL
082 0 4 _a155
_bو س
100 1 _aويتيج، ارنو ف.
245 1 0 _aنظريات ومشكلات فى سيكولوجية التعلم /
_cويتيج، ارنو ف.
700 1 _aعادل عزالدين الاشوال
260 _aنيويورك :
_bدار ماكجروهيل للنشر ،
_c1981
300 _a376 ؛
_c27 سم
490 _aملخصات شوم
_v0
650 0 4 _aعلم النفس
650 0 4 _aالشخصية
650 0 4 _aالتعلم
650 0 4 _aالذكاء
650 0 4 _aالمهارات الحركية
650 0 4 _aالنمو
942 _2ddc
_cBK
999 _c30794
_d30794